Stade de Reims | Effectif Ligue 1 - 2024/2025 - Statistiques

Statistiques générales
  • Ce quiz a été pris 147 fois
  • Le résultat moyen est 21 sur 26
Statistiques - réponses
Poste Joueurs Nationalité Numéro % Correct
Gardien de but Yehvann Diouf 94
100%
Attaquant Keito Nakamura 17
98%
Attaquant Junya Ito 7
97%
Milieu de terrain Teddy Teuma 10
92%
Défenseur Hiroki Sekine 3
90%
Défenseur Joseph Okumu 2
89%
Défenseur Sergio Akieme 18
88%
Gardien de but Alexandre Olliero 20
87%
Attaquant Oumar Diakité 22
86%
Milieu de terrain Valentin Atangana 6
84%
Défenseur Abdoul Koné 92
83%
Milieu de terrain Amadou Koné 72
83%
Milieu de terrain Gabriel Moscardo 19
83%
Attaquant Mohamed Daramy 9
82%
Défenseur Cédric Kipré 21
81%
Attaquant Mamadou Diakhon 67
81%
Coach Samba Diawara
81%
Milieu de terrain Reda Khadra 14
79%
Gardien de but Ludovic Butelle 16
77%
Défenseur Aurélio Buta 23
74%
Défenseur Malcolm Jeng 31
73%
Milieu de terrain John Patrick 30
70%
Milieu de terrain Mory Gbane 24
64%
Défenseur Nhoa Sangui 55
64%
Milieu de terrain Yaya Fofana 8
61%
Attaquant Jordan 12
48%
Aucun quiz correspondant
Distribution des résultats
% des personnes avec chaque résultat
Percentile par nombre de réponses
Votre historique - résultats
Vous n’avez pas pris ce quiz